| 000 | 00655nam a22001937a 4500 | ||
|---|---|---|---|
| 999 |
_c21316 _d21316 |
||
| 003 | AR-CdUCM | ||
| 008 | 190604b ||||| |||| 00| 0 spa d | ||
| 040 |
_aMUNICIPALIDAD PROVINCIAL DEL CUSCO _cBIBLIOTECA MUNICIPAL DEL CUSCO |
||
| 082 |
_aEP/461/A58 _bA58 |
||
| 100 |
_aAnco Flores, Víctor Hugo _944478 |
||
| 245 | _aOrtografía estrategias didácticas e interactivas sobre el uso de las grafías castellanas / | ||
| 260 |
_aCusco ; _bR&W, _c2018. |
||
| 300 |
_a109 Páginas ; _c28 cm. |
||
| 650 |
_aOrtografía _92067 |
||
| 650 |
_aOrtografía gramatical _944479 |
||
| 650 |
_aComunicación escrita _939727 |
||
| 942 |
_2ddc _cLIBROS |
||
| 945 | _aRoel | ||